James Bond Movies to their Villain - Statistics

General Stats
  • This quiz has been taken 51 times
  • The average score is 19 of 25
Answer Stats
Hint Answer % Correct
Dr. No Dr. No
100%
Auric Goldfinger Goldfinger
90%
Le Chiffre Casino Royale
87%
Rosa Klebb/Tov Kronsteen From Russia with Love
82%
Alec Trevelyan GoldenEye
79%
Dr. Kananga Live and Let Die
79%
Hugo Drax Moonraker
79%
Raoul Slva Skyfall
79%
Dominic Greene Quantum of Solace
77%
Fransisco Scaramanga The Man with the Golden Gun
77%
Aristotle Kristatos For Your Eyes Only
74%
Renard/Elektra King The World is Not Enough
74%
Emilio Largo Thunderball
74%
Franz Sanchez Licence to Kill
72%
Kamal Khan/General Orlov Octopussy
72%
Gustav Graves Die Another Day
69%
Lyutsifer Safin No Time to Die
69%
Franz Oberhauser/Ernst Stavro Blofeld Spectre
69%
Elliot Carver Tomorrow Never Dies
69%
Karl Stromberg The Spy who Loved Me
67%
Ernst Stavro Blofeld (Gray) Diamonds Are Forever
64%
General Koskov/Brad Whitaker The Living Daylights
64%
Ernst Stavro Blofeld (Pleasence) You Only Live Twice
64%
Max Zorin A View to a Kill
62%
Ernst Stavro Blofeld (Savalas) On Her Majety's Secret Service
62%
No matching quizzes found
Score Distribution
Percent of People with Each Score
Percentile by Number Answered
Your Score History
You have not taken this quiz